00683nam a2200181 a 4500003000200000005001700002008004100019050002800060100003000088245009500118260009200213300004000305504004100345650001900386650003500405650002500440650003600465020250429111934.0970114s19uu xx 00 eng d aPGS HF 5381b.B858 2003 aBriones, Ma. Andrea Ison. aFactors that affects the choice of career of 4th year students /cMa. Andrea Ison Briones. aLas Piñas City, Philippines : bSouthville International School and Colleges,c2003. a28 pages :billustrations ;c28 cm. aIncludes bibliographical references. aCareer choice. aStudentsvVocational guidance. aOccupationsvChoice. aDecision making in adolescents.